The Second World War in Europe / (Record no. 192)

000 -LEADER
fixed length control field 01159cam a2200337 a 4500
001 - CONTROL NUMBER
control field 15497503
003 - CONTROL NUMBER IDENTIFIER
control field OSt
005 - DATE AND TIME OF LATEST TRANSACTION
control field 20140116120821.0
008 - FIXED-LENGTH DATA ELEMENTS--GENERAL INFORMATION
fixed length control field 081024r20091999enkabf b 001 0 eng
010 ## - LIBRARY OF CONGRESS CONTROL NUMBER
LC control number 2008046445
015 ## - NATIONAL BIBLIOGRAPHY NUMBER
National bibliography number GBA901059
Source bnb
016 7# - NATIONAL BIBLIOGRAPHIC AGENCY CONTROL NUMBER
Record control number 014864555
Source Uk
020 ## - INTERNATIONAL STANDARD BOOK NUMBER
International Standard Book Number 9781405846998
035 ## - SYSTEM CONTROL NUMBER
System control number (OCoLC)ocn267052282
040 ## - CATALOGING SOURCE
Original cataloging agency DLC
Transcribing agency DLC
Modifying agency YDXCP
-- BWKUK
-- BWK
-- BWX
-- BTCTA
-- GEBAY
-- UKM
-- DLC
042 ## - AUTHENTICATION CODE
Authentication code pcc
043 ## - GEOGRAPHIC AREA CODE
Geographic area code e------
050 00 - LIBRARY OF CONGRESS CALL NUMBER
Classification number D743.M33 2009
100 1# - MAIN ENTRY--PERSONAL NAME
Personal name Mackenzie, S. P.
245 14 - TITLE STATEMENT
Title The Second World War in Europe /
Statement of responsibility, etc S.P. MacKenzie.
250 ## - EDITION STATEMENT
Edition statement 2nd ed.
260 ## - PUBLICATION, DISTRIBUTION, ETC. (IMPRINT)
Place of publication, distribution, etc Harlow, England ;
-- New York :
Name of publisher, distributor, etc Pearson Longman,
Date of publication, distribution, etc 2009.
300 ## - PHYSICAL DESCRIPTION
Extent xxxviii, 137 p., [8] p. of plates :
Other physical details ill. (some col.), maps ;
Dimensions 24 cm.
440 #0 - SERIES STATEMENT/ADDED ENTRY--TITLE
Title Seminar studies in history
504 ## - BIBLIOGRAPHY, ETC. NOTE
Bibliography, etc Includes bibliographical references and index.
650 #0 - SUBJECT ADDED ENTRY--TOPICAL TERM
Topical term or geographic name as entry element World War, 1939-1945
Geographic subdivision Europe.
651 #0 - SUBJECT ADDED ENTRY--GEOGRAPHIC NAME
Geographic name Europe
General subdivision History
Chronological subdivision 1918-1945.
906 ## - LOCAL DATA ELEMENT F, LDF (RLIN)
a 7
b cbc
c orignew
d 1
e ecip
f 20
g y-gencatlg
942 ## - ADDED ENTRY ELEMENTS (KOHA)
Source of classification or shelving scheme
Koha item type Book
Holdings
Withdrawn status Lost status Source of classification or shelving scheme Damaged status Not for loan Home library Current library Date acquired Source of acquisition Total Checkouts Full call number Barcode Date last seen Date checked out Copy number Price effective from Koha item type
          Riara University Library Riara University Library 11/10/2011 Purchase 2 D743.M33 2009 1491/11 17/06/2015 03/06/2015 C.1 11/10/2011 Book
          Riara University Library Riara University Library 11/10/2011 Purchase 6 D743.M33 2009 1493/11 27/02/2017 13/02/2017 C.2 11/10/2011 Book
          Riara University Library Riara University Library 11/10/2011 Purchase 2 D743.M33 2009 1492/11 15/06/2016 27/07/2015 C.3 11/10/2011 Book

Riara University Library,
P.O. Box 49940-00100,
Nairobi, Kenya.